000 00636nam a22002177a 4500
003 UA-OsUOA
001 44783
007 ta
008 20070313b un ||||| |||| 00| 0 ukr d
100 _aПинковский В.И.
090 _a82
_bП-11
942 _cSA
040 _aUA-OsUOA
_brus
_cUA-OsUOA
_dUA-OsUOA
245 _aРепрезентативный жанр поэзии сюрреализма
300 _aС.33-40
955 _a0
041 _arus
080 _a82
773 0 _w44782
_tФилологические науки
_dМ.
_d2007
_g1
650 7 _a82 Література. Літературознавство
_2UDC
999 _c330904
_d330904